Proceedings of the sixth Conference : Australian Association of Animal Breeding and Genetics, University of Western Australia, Perth, WA, Australia, 9-11 February, 1987.
Guardado en:
| Autor Corporativo: | |
|---|---|
| Formato: | Libro |
| Idioma: | English |
| Publicado: |
[Armidale :
AAABG .],
1987.
|
| Etiquetas: |
Agregar Etiqueta
Sin Etiquetas, Sea el primero en etiquetar este registro!
|
| LEADER | 00693nam a22001575a 4500 | ||
|---|---|---|---|
| 001 | EEA.libagro010389 | ||
| 005 | 20181011083218.0 | ||
| 008 | 150508s1987####xx############100#0#eng#d | ||
| 020 | |a 0959512535 | ||
| 022 | |a 0813-7935 | ||
| 082 | 0 | 4 | |a 636.0821 |
| 111 | 2 | |a Australian Association of Animal Breeding and Genetics Conference |n (6th : |d 9-11 February, 1987 : |c Perth, WA, Australia) | |
| 245 | 1 | 0 | |a Proceedings of the sixth Conference : |b Australian Association of Animal Breeding and Genetics, University of Western Australia, Perth, WA, Australia, 9-11 February, 1987. |
| 260 | |a [Armidale : |b AAABG .], |c 1987. | ||
| 300 | |a 372 p. ; |c 24 cm. | ||
| 859 | |a AR-BbBCA |b BIB. AGRONOMIA |h 636.0821 |i A938 6-1987 |p 2015/6518 | ||
